Los 7 habitos de la gente altamente efectiva/ (Registro nro. 7922)
[ vista simple ]
| 000 -LEADER | |
|---|---|
| fixed length control field | 00685nam a2200193Ia 4500 |
| 005 - FECHA Y HORA DE LA ÚLTIMA TRANSACCIÓN | |
| control field | 20241118140720.0 |
| 008 - FIXED-LENGTH DATA ELEMENTS--GENERAL INFORMATION | |
| fixed length control field | 230420s9999 xx 000 0 und d |
| 020 ## - INTERNATIONAL STANDARD BOOK NUMBER | |
| International Standard Book Number | 8449304326 |
| 040 ## - CATALOGING SOURCE | |
| Original cataloging agency | UPAN |
| Transcribing agency | Biblioteca San Vicente |
| Description conventions | RCAA2 |
| 041 ## - LANGUAGE CODE | |
| Language code of text/sound track or separate title | spa |
| 082 ## - DEWEY DECIMAL CLASSIFICATION NUMBER | |
| Classification number | 312.44 |
| Item number | C684h |
| año de publicación | 1997 |
| 100 ## - MAIN ENTRY--PERSONAL NAME | |
| Personal name | Covey, Stephen R. |
| Relator code | aut. |
| 245 #0 - TITLE STATEMENT | |
| Title | Los 7 habitos de la gente altamente efectiva/ |
| Remainder of title | Stephen R. Covey |
| 260 ## - PUBLICATION, DISTRIBUTION, ETC. (IMPRINT) | |
| Place of publication, distribution, etc | España: |
| Name of publisher, distributor, etc | Paidos, |
| Date of publication, distribution, etc | 1997 |
| 300 ## - PHYSICAL DESCRIPTION | |
| Extent | 426 p.: |
| Dimensions | 21 cm. |
| 505 ## - FORMATTED CONTENTS NOTE | |
| Formatted contents note | Prólogo<br/>Agradecimientos<br/>Capitulo I. Paradigmas y principios<br/>Capitulo II. Victoria privada<br/>Capitulo III. Victoria pública<br/>Capitulo IV. Renovación |
| 650 ## - SUBJECT ADDED ENTRY--TOPICAL TERM | |
| Source of heading or term | LEMB |
| Topical term or geographic name as entry element | Habito |
| 942 ## - ADDED ENTRY ELEMENTS (KOHA) | |
| Koha item type | Libros |
| Source of classification or shelving scheme | Dewey Decimal Classification |
| Withdrawn status | Lost status | Source of classification or shelving scheme | Damaged status | Not for loan | Collection code | Home library | Current library | Date acquired | Total Checkouts | Full call number | Barcode | Date last seen | Price effective from | Koha item type |
|---|---|---|---|---|---|---|---|---|---|---|---|---|---|---|
| Dewey Decimal Classification | Colección General | Biblioteca UPAN San Vicente | Biblioteca UPAN San Vicente | 20/04/2023 | 312.44 C684h | 12000328 | 20/04/2023 | 20/04/2023 | Libros | |||||
| Dewey Decimal Classification | Colección General | Biblioteca UPAN San Vicente | Biblioteca UPAN San Vicente | 20/04/2023 | 312.44 C684h | 12000326 | 24/04/2023 | 20/04/2023 | Libros | |||||
| Dewey Decimal Classification | Colección General | Biblioteca UPAN San Vicente | Biblioteca UPAN San Vicente | 20/04/2023 | 312.44 C684h | 12000327 | 24/04/2023 | 20/04/2023 | Libros |